00471nam a2200157Ia 450000500170000000800410001708200180005810000170007624500120009326000430010530000130014865000320016194200060019395200990019999900150029820250403042757.0240331s9999 xx 000 0 und d bSOO2KINa894 aSoodamani, R 0aKinaroo aNagapatinambEmaiyam Pathippagamc1991 a176 p ., aSoodamaniyin Siru Kadhaikal cL 001040708LaWERCLbWERCLcSSCd2024-03-31l0o 894.811 SOOp5029r2024-03-31w2024-03-31yL c4203d4203